| 000 | 00802nam a2200241Ia 4500 | ||
|---|---|---|---|
| 001 | Z_3093 | ||
| 008 | 220601s9999 xx 000 0 und d | ||
| 082 | _a541.26 M85 | ||
| 100 |
_aMüller, Gerhard-Otfried _9180120 |
||
| 245 | _aFundamentos de estequiometría / Gerhard-Otfried Müller; traducción Antonio Ara Blesa | ||
| 260 | _aZaragoza, España : Acribia | ||
| 300 | _aviii, 344 p. | ||
| 500 | _aTraducción de la obra en alemán : Grundlagen der Stöchiometrie de 1962 | ||
| 503 | _aej.1: s/n \ ej.2: s/n | ||
| 650 | _a1. Estequiometría | ||
| 650 |
_aQuímica de las reacciones _9140245 |
||
| 700 |
_aAra Blesa, Antonio, tr.Ì _9180122 |
||
| 901 | _a541.26 M85 | ||
| 902 | _aM | ||
| 905 | _a5232271965 sp mnt 8212223322spa16 | ||
| 942 | _c1 | ||
| 999 |
_c216897 _d216897 |
||